| 000 | 00982nam a22002897a 4500 | ||
|---|---|---|---|
| 003 | OSt | ||
| 005 | 20220107122854.0 | ||
| 008 | 190820b xxu||||| |||| 00| 0 eng d | ||
| 020 | _a9783319523064 | ||
| 040 | _cIIITMK | ||
| 082 | _a910.285 FAV/H | ||
| 100 |
_aFavorskaya, Margarita N _916284 |
||
| 245 |
_aHandbook on advances in remote sensing and geographic information systems: _bParadigms and applications in forest landscape modeling _cMargarita N Favorskaya |
||
| 260 |
_aSwitzerland, _bSpringer, _c2017. |
||
| 300 | _axix, 415p. | ||
| 440 |
_aIntelligent systems reference library _916285 |
||
| 650 |
_aGEOGRAPHIC INFORMATION SYSTEMS _916862 |
||
| 650 |
_aGIS _916863 |
||
| 650 |
_aREMOTE SENSING _916864 |
||
| 650 |
_aLANDSCAPE MODELING _916865 |
||
| 650 |
_aLIDAR TECHNOLOGY _916866 |
||
| 650 |
_aFOREST LANDSCAPE MODELING _916867 |
||
| 650 |
_aFOREST ECOSYSTEM MODELING _916868 |
||
| 650 |
_aFORESTRY _916869 |
||
| 700 |
_aJain, Lakshmi C _916286 |
||
| 942 |
_2ddc _cBK |
||
| 999 |
_c6604 _d6604 |
||